000 00692nam a2200241 i 4500
001 C2-0225355
003 PPAK
005 20180728153605.0
008 000606s1958 enka|||| ||||| | eng d
020 _a0435502115
040 _aPPAK
_beng
_cPPAK
_erda
082 0 4 _a531.4
_223
090 0 0 _a531.4
_bCLA
_dKSA
100 1 _aClarke, L. Harwood,
_eauthor
245 1 0 _aOrdinary level mathematics
264 1 _aLondon :
_bHeinemann Educational Books ,
_c1958
300 _axiv, 474 pages :
_billustrations ;
_c19 cm
336 _2rdacontent
_atext
337 _2rdamedia
_aunmediated
338 _2rdacarrier
_avolume
650 1 0 _aMathematic - Problem, Exercises etc.
942 _ddc
_cB
999 _c146061
_d146061